000 00342nam a22001337a 4500
005 20250901165810.0
008 250324b |||||||| |||| 00| 0 eng d
020 _a9780195714982
050 _aPR 9381.9 .M33 2016
245 _aWAYS OF DYING
_cMDA ZAKES
260 _aSOUTH AFRICA
_bOXFORD UNIVERSITY PRESS
_c2016
300 _a212
942 _2lcc
999 _c9380
_d9380